Problémy zdaňovania príjmov plynúcich z podielov na kapitálovej účasti v inej spoločnosti
Zdaňovanie príjmov z kapitálových účastí. Nerovnaký prístup k zdaňovaniu. Bolo by vhodné novelizovať zákon o dani z príjmov v časti týkajúcej sa predmetu dane fyzických aj právnických osôb.
Salvato in:
| Autore principale: | |
|---|---|
| Natura: | Capitolo di libro |
| Lingua: | slovacco |
| Soggetti: | |
| Tags: |
Nessun Tag, puoi essere il primo ad aggiungerne!!
|
MARC
| LEADER | 00000naa$a2200000$$$4500 | ||
|---|---|---|---|
| 001 | 0075555 | ||
| 005 | 20240502071903.4 | ||
| 041 | 0 | |a slo | |
| 044 | |a SK | ||
| 245 | 1 | 0 | |a Problémy zdaňovania príjmov plynúcich z podielov na kapitálovej účasti v inej spoločnosti |c Ján Solík |
| 520 | |a Zdaňovanie príjmov z kapitálových účastí. Nerovnaký prístup k zdaňovaniu. Bolo by vhodné novelizovať zákon o dani z príjmov v časti týkajúcej sa predmetu dane fyzických aj právnických osôb. | ||
| 610 | 2 | 0 | |a spoločnosti kapitálové |
| 610 | 2 | 0 | |a zisk |
| 610 | 2 | 0 | |a podiely na zisku |
| 610 | 2 | 0 | |a dividendy |
| 610 | 2 | 0 | |a dane z príjmov |
| 610 | 2 | 0 | |a spoločnosti dcérske |
| 610 | 2 | 0 | |a spoločnosti materské |
| 610 | 2 | 0 | |a súvaha |
| 100 | 1 | |a Solík, Ján | |